000 01951nam a2200433 i 4500
001 44673
003 ES-MaACL
005 20251121170344.0
007 t|
008 030324s1974 sp ||||1| spa d
080 _a75(460)"19"
245 0 0 _a5 maestros de la pintura contemporánea.
246 3 _aCinco maestros de la pintura contemporánea
260 _aMadrid :
_bIbérico Europea de Ediciones,
_c[1974?]
300 _a2 v. :
_bil. ;
_c31 cm.
505 8 _aContiene: I. Cristino de Vera / por Miguel Logroño . Joaquín Peinado / por A.M. Campoy . Jaime Mercadé / por Juan A. Gaya Nuño . Francisco Mateos / por Venancio Sánchez . M. Agustín Redondela / por Enrique Azcoaga -- II. Miguel Villá / por Gerard Xuriguera . Álvaro Delgado / por Joaquín de la Fuente . Martínez Ortiz / por Miguel Logroño . Ginés Parra / por Raúl Chávarri . Barjola / por José de Castro Arines.
600 1 4 _aVera, Cristino de.
_9113940
600 1 4 _aPeinado, Joaquín.
_989982
600 1 4 _aMercadé, Jaume,
_d1889-1967
_980416
600 1 4 _aMateos, Francisco (
_d1894-1976)
_978975
600 1 4 _aRedondela, Agustín.
_9145630
600 1 7 _aVillà, Miquel,
_d1901-1988
_2
_9145648
600 1 4 _aDelgado, Álvaro,
_d1922-
_943394
600 1 4 _aMartínez Ortiz, Nicolás.
_978294
600 1 7 _aParra, Ginés,
_d1896-1960
_2
_9145661
600 1 4 _aBarjola, Juan.
_925668
650 4 _aPintura española-
_yS.XX.
_916042
700 1 _aLogroño, Miguel.
_973129
700 1 _aCampoy, A. M.,
_d1924-1993
_934292
700 0 _aGaya Nuño, Juan Antonio,
_d1913-1976
_956130
700 1 _aSánchez Marín, Venancio.
_9102754
700 1 _aAzcoaga, Enrique,
_d1912-1985
_924261
700 1 _aXuriguera, Gérard.
_9145641
700 1 _aPuente, Joaquín de la.
_994146
700 1 _aChávarri, Raúl,
_d1929-1984
_9161889
700 1 _aCastro Arines, José de,
_d1913-1997
_936907
852 _aES-MaACL
_jC-41904-05
999 _c44673
_d44673